| 000 -LEADER |
| fixed length control field |
01314nam a2200265Ia 4500 |
| 001 - CONTROL NUMBER |
| control field |
16106 |
| 003 - CONTROL NUMBER IDENTIFIER |
| control field |
GE_BSU |
| 008 - FIXED-LENGTH DATA ELEMENTS--GENERAL INFORMATION |
| fixed length control field |
181216s||||||||xx |||||||||||||| ||und|| |
| 020 ## - INTERNATIONAL STANDARD BOOK NUMBER |
| International Standard Book Number |
978-9941-9350-5-3 |
| 040 ## - CATALOGING SOURCE |
| Transcribing agency |
GE_BSU |
| 080 ## - UNIVERSAL DECIMAL CLASSIFICATION NUMBER |
| Universal Decimal Classification number |
93/94(076.3) + 371.277.2 |
| 100 ## - MAIN ENTRY--PERSONAL NAME |
| Personal name |
ფირჩხაძე, მაია |
| 245 ## - TITLE STATEMENT |
| Title |
ისტორია |
| 245 ## - TITLE STATEMENT |
| Remainder of title |
მოვემზადოთ მასწავლებელთა სასერტიფიკაციო გამოცდებისთვის. მეთოდური ტესტები და სავარჯიშოები : ისტორიის მასწავლებლებისათვის |
| 250 ## - EDITION STATEMENT |
| Edition statement |
მე-2 გამოცემა |
| 260 ## - PUBLICATION, DISTRIBUTION, ETC. |
| Place of publication, distribution, etc. |
თბილისი |
| 260 ## - PUBLICATION, DISTRIBUTION, ETC. |
| Name of publisher, distributor, etc. |
უსტარი |
| 260 ## - PUBLICATION, DISTRIBUTION, ETC. |
| Date of publication, distribution, etc. |
2014 |
| 300 ## - PHYSICAL DESCRIPTION |
| Extent |
111 გვ. : ილ. ; 27 სმ. |
| 653 ## - INDEX TERM--UNCONTROLLED |
| Uncontrolled term |
ისტორია |
| 653 ## - INDEX TERM--UNCONTROLLED |
| Uncontrolled term |
ისტორია - პროგრამები; ისტორია - ტესტები; ისტორია - სავარჯიშოები; |
| 653 ## - INDEX TERM--UNCONTROLLED |
| Uncontrolled term |
მოვემზადოთ მასწავლებელთა სასერტიფიკაციო გამოცდებისთვის |
| 942 ## - ADDED ENTRY ELEMENTS (KOHA) |
| Koha item type |
წიგნი |